Εισαγωγή στη Λογιστική
Αποθηκεύτηκε σε:
| Κύριοι συγγραφείς: | , , |
|---|---|
| Μορφή: | Βιβλίο |
| Γλώσσα: | Greek English |
| Δημοσίευση: |
Cyprus :
Broken Hill Publishers LTD : Εκδόσεις Π.Χ. Πασχαλίδης,
c2016.
|
| Θέματα: | |
| Ετικέτες: |
Προσθήκη ετικέτας
Δεν υπάρχουν, Καταχωρήστε ετικέτα πρώτοι!
|
MARC
| LEADER | 00000cam a2200000 a 4500 | ||
|---|---|---|---|
| 001 | 1/124509 | ||
| 008 | 220317t2016####cy | ||| |||| ||gre|| | ||
| 020 | |a 9789963258666 | ||
| 040 | |a GR-MyUa |b gre |c GR-MyUa |e AACR2 | ||
| 041 | 1 | |a gre |h eng | |
| 082 | 7 | |a 657 |2 (23) | |
| 100 | 1 | |a Needles, Belverd E. | |
| 245 | 1 | 0 | |a Εισαγωγή στη Λογιστική / |c Needles, Powers, Crosson ; επιμέλεια ελληνικής έκδοσης Σεραϊνα Αναγνωστοπούλου. |
| 260 | |a Cyprus : |b Broken Hill Publishers LTD : |b Εκδόσεις Π.Χ. Πασχαλίδης, |c c2016. | ||
| 300 | |a 891 σ. : |b εικ. ; |c 29 εκ. | ||
| 500 | |3 12η Αγγλική έκδοση - 1η Ελληνική έκδοση βελτιωμένη και αναθεωρημένη. | ||
| 500 | |a Τίτλος πρωτοτύπου: Principles of Accounting. | ||
| 504 | |a Περιέχει ευρετήριο. | ||
| 650 | 0 | |a Accounting. | |
| 700 | 1 | |a Powers, Marian, |e aut | |
| 700 | 1 | |a Crosson, Susan V. |e aut | |
| 852 | |a INST |b SAMOS |e 20220317 |h 657 NEE |p 005300046999 |q 005300046999 |t BK |y 0 | ||
| 856 | |u | ||
| 920 | |a Εύδοξος |b Παραγγελία |y Σάμος-ΤΣΑΧΜ |z 2022-01 | ||
| 922 | |b | ||
| 970 | |a Φιλιππή |b Φάλη |z 17-03-2022 | ||